[Event "Grand Swiss "]
[Date "2025.09.08"]
[White "Aditya Mittal"]
[Black "Erdogmus, Yagiz Kaan"]
[WhiteElo "2589"]
[BlackElo "2646"]
[Round "4.4.19"]
[Result "0-1"]

1. c4 {[%clk 01:40:59] [%emt 00:00:01]} e6 {[%clk 01:40:54] [%emt 00:00:06]} 2.
Nc3 {[%clk 01:41:27] [%emt 00:00:02]} d5 {[%clk 01:41:11] [%emt 00:00:13]} 3. d4
{[%clk 01:41:56] [%emt 00:00:02]} dxc4 {[%clk 01:41:25] [%emt 00:00:16]} 4. e4
{[%clk 01:40:10] [%emt 00:02:16]} c5 {[%clk 01:41:48] [%emt 00:00:06]} 5. d5
{[%clk 01:39:48] [%emt 00:00:53]} exd5 {[%clk 01:42:12] [%emt 00:00:06]} 6. exd5
{[%clk 01:38:44] [%emt 00:01:34]} Bd6 {[%clk 01:42:36] [%emt 00:00:05]} 7. Bxc4
{[%clk 01:38:41] [%emt 00:00:33]} Ne7 {[%clk 01:42:47] [%emt 00:00:19]} 8. h3
{[%clk 01:24:25] [%emt 00:14:46]} O-O {[%clk 01:41:56] [%emt 00:01:20]} 9. Nf3
{[%clk 01:24:32] [%emt 00:00:24]} Nd7 {[%clk 01:29:36] [%emt 00:12:50]} 10. O-O
{[%clk 01:21:05] [%emt 00:03:58]} Nb6 {[%clk 01:20:58] [%emt 00:09:07]} 11. b3
{[%clk 01:21:30] [%emt 00:00:05]} Nxc4 {[%clk 01:19:28] [%emt 00:02:00]} 12.
bxc4 {[%clk 01:20:15] [%emt 00:01:45]} Ng6 {[%clk 01:19:57] [%emt 00:00:02]} 13.
Ne4 {[%clk 01:08:39] [%emt 00:12:05]} Bf5 {[%clk 01:10:46] [%emt 00:09:41]} 14.
Nxd6 {[%clk 01:06:01] [%emt 00:03:10]} Qxd6 {[%clk 01:11:13] [%emt 00:00:02]}
15. Qb3 {[%clk 01:06:24] [%emt 00:00:07]} b6 {[%clk 01:02:32] [%emt 00:09:11]}
16. a4 {[%clk 00:57:42] [%emt 00:09:12]} a5 {[%clk 00:50:50] [%emt 00:12:12]}
17. Re1 {[%clk 00:51:33] [%emt 00:06:39]} Rfe8 {[%clk 00:47:24] [%emt 00:03:56]}
18. Be3 {[%clk 00:49:45] [%emt 00:02:18]} h6 {[%clk 00:45:54] [%emt 00:01:59]}
19. Ra2 {[%clk 00:39:14] [%emt 00:11:02]} Be4 {[%clk 00:33:29] [%emt 00:12:55]}
20. Nd2 {[%clk 00:29:08] [%emt 00:10:35]} Nh4 {[%clk 00:26:26] [%emt 00:07:33]}
21. Bxc5 {[%clk 00:14:11] [%emt 00:15:27]} Qg6 {[%clk 00:26:22] [%emt 00:00:34]}
22. g3 {[%clk 00:14:14] [%emt 00:00:28]} Bg2 {[%clk 00:16:57] [%emt 00:09:55]}
23. Be7 {[%clk 00:09:59] [%emt 00:04:45]} Bxh3 {[%clk 00:15:33] [%emt 00:01:53]}
24. Kh2 {[%clk 00:09:11] [%emt 00:01:19]} Ng2 {[%clk 00:05:57] [%emt 00:10:06]}
25. Re5 {[%clk 00:09:40] [%emt 00:00:02]} f6 {[%clk 00:05:19] [%emt 00:01:07]}
26. Qxb6 {[%clk 00:07:21] [%emt 00:02:49]} Nf4 {[%clk 00:01:56] [%emt 00:03:53]}
27. Re4 {[%clk 00:07:43] [%emt 00:00:08]} Qh5 {[%clk 00:01:30] [%emt 00:00:56]}
28. Rxf4 {[%clk 00:07:30] [%emt 00:00:43]} Bg4+ {[%clk 00:02:00]} 29. Kg1 {[%clk
00:05:54] [%emt 00:02:06]} Rxe7 {[%clk 00:02:29] [%emt 00:00:01]} 30. Ra1 {[%clk
00:05:25] [%emt 00:00:59]} Rae8 {[%clk 00:02:58]} 31. Rf1 {[%clk 00:02:17] [%emt
00:03:38]} Bh3 {[%clk 00:01:26] [%emt 00:02:03]} 32. d6 {[%clk 00:01:48] [%emt
00:00:58]} Re2 {[%clk 00:00:41] [%emt 00:01:15]} 33. Rh4 {[%clk 00:01:08] [%emt
00:01:10]} Qf5 {[%clk 00:01:11]} 34. Qb5 {[%clk 00:01:02] [%emt 00:00:37]} R8e5
{[%clk 00:01:02] [%emt 00:00:38]} 35. d7 {[%clk 00:01:02] [%emt 00:00:30]} Rxd2
{[%clk 00:00:37] [%emt 00:00:55]} 36. Qb8+ {[%clk 00:01:11] [%emt 00:00:21]} Kh7
{[%clk 00:00:51] [%emt 00:00:15]} 37. d8=Q {[%clk 00:00:33] [%emt 00:01:08]}
Qxf2+ {[%clk 00:01:00] [%emt 00:00:21]} 38. Rxf2 {[%clk 00:00:39] [%emt
00:00:25]} Re1+ {[%clk 00:01:29]} 39. Kh2 {[%clk 00:00:55] [%emt 00:00:14]}
Rxf2+ {[%clk 00:01:58] [%emt 00:00:01]} 40. Kxh3 {[%clk 00:01:18] [%emt
00:00:06]} Rh1+ {[%clk 00:02:24] [%emt 00:00:04]} 41. Kg4 {[%clk 00:01:44] [%emt
00:00:04]} f5+ {[%clk 00:02:53]} 42. Kh5 {[%clk 00:01:33] [%emt 00:00:42]} g6#
{[%clk 00:03:19] [%emt 00:00:04]} 0-1

[Site "Europe Echecs"]

[Event "Grand Swiss "]
[Date "2025.09.08"]
[White "Woodward, Andy"]
[Black "Rodshtein, Maxim"]
[WhiteElo "2557"]
[BlackElo "2645"]
[Round "4.4.20"]
[Result "1/2-1/2"]

1. d4 {[%clk 01:40:55] [%emt 00:00:03]} Nf6 {[%clk 01:40:48] [%emt 00:00:13]} 2.
c4 {[%clk 01:41:13] [%emt 00:00:12]} e6 {[%clk 01:41:04] [%emt 00:00:14]} 3. g3
{[%clk 01:41:29] [%emt 00:00:14]} d5 {[%clk 01:40:46] [%emt 00:00:48]} 4. Bg2
{[%clk 01:41:44] [%emt 00:00:14]} Bb4+ {[%clk 01:40:50] [%emt 00:00:27]} 5. Bd2
{[%clk 01:41:54] [%emt 00:00:20]} Be7 {[%clk 01:41:00] [%emt 00:00:20]} 6. Nf3
{[%clk 01:42:00] [%emt 00:00:24]} O-O {[%clk 01:41:05] [%emt 00:00:25]} 7. O-O
{[%clk 01:42:09] [%emt 00:00:21]} Nbd7 {[%clk 01:41:05] [%emt 00:00:30]} 8. Qc2
{[%clk 01:42:06] [%emt 00:00:32]} c6 {[%clk 01:41:06] [%emt 00:00:30]} 9. Nc3
{[%clk 01:41:51] [%emt 00:00:45]} dxc4 {[%clk 01:26:20] [%emt 00:15:17]} 10. Ne4
{[%clk 01:41:32] [%emt 00:00:48]} Nxe4 {[%clk 01:04:03] [%emt 00:22:48]} 11.
Qxe4 {[%clk 01:41:40] [%emt 00:00:21]} b5 {[%clk 01:02:10] [%emt 00:02:23]} 12.
a4 {[%clk 01:41:34] [%emt 00:00:36]} Bb7 {[%clk 00:59:24] [%emt 00:03:17]} 13.
axb5 {[%clk 01:41:31] [%emt 00:00:33]} Nf6 {[%clk 00:58:40] [%emt 00:01:14]} 14.
Qe5 {[%clk 01:41:45] [%emt 00:00:16]} Nd7 {[%clk 00:51:47] [%emt 00:07:23]} 15.
Qe4 {[%clk 01:41:29] [%emt 00:00:46]} Nf6 {[%clk 00:51:57] [%emt 00:00:20]} 16.
Qe5 {[%clk 01:41:41] [%emt 00:00:19]} Nd7 {[%clk 00:35:22] [%emt 00:17:05]} 17.
Qe4 {[%clk 01:41:15] [%emt 00:00:56]} Nf6 {[%clk 00:35:44] [%emt 00:00:08]} 18.
Qe5 {[%clk 01:41:28] [%emt 00:00:16]} Nd7 {[%emt 00:02:13]} 1/2-1/2

[Site "Europe Echecs"]

[Event "Grand Swiss "]
[Date "2025.09.08"]
[White "Yu, Yangyi"]
[Black "Puranik, Abhimanyu"]
[WhiteElo "2714"]
[BlackElo "2640"]
[Round "4.4.21"]
[Result "1/2-1/2"]

1. d4 {[%clk 01:40:56] [%emt 00:00:03]} Nf6 {[%clk 01:40:56] [%emt 00:00:04]} 2.
c4 {[%clk 01:40:55] [%emt 00:00:31]} e6 {[%clk 01:41:14] [%emt 00:00:12]} 3. Nc3
{[%clk 01:41:13] [%emt 00:00:12]} d5 {[%clk 01:41:28] [%emt 00:00:16]} 4. cxd5
{[%clk 01:40:58] [%emt 00:00:46]} exd5 {[%clk 01:41:54] [%emt 00:00:04]} 5. Bg5
{[%clk 01:41:16] [%emt 00:00:11]} Be7 {[%clk 01:41:57] [%emt 00:00:28]} 6. e3
{[%clk 01:41:28] [%emt 00:00:18]} h6 {[%clk 01:41:48] [%emt 00:00:39]} 7. Bh4
{[%clk 01:41:37] [%emt 00:00:21]} O-O {[%clk 01:42:09] [%emt 00:00:09]} 8. Bd3
{[%clk 01:41:46] [%emt 00:00:20]} Re8 {[%clk 01:42:03] [%emt 00:00:37]} 9. Nge2
{[%clk 01:41:33] [%emt 00:00:43]} c6 {[%clk 01:41:21] [%emt 00:01:13]} 10. O-O
{[%clk 01:41:03] [%emt 00:01:00]} Nbd7 {[%clk 01:41:33] [%emt 00:00:18]} 11. f3
{[%clk 01:32:31] [%emt 00:09:02]} b5 {[%clk 01:41:24] [%emt 00:00:38]} 12. Rc1
{[%clk 01:28:24] [%emt 00:04:36]} Bb7 {[%clk 01:40:42] [%emt 00:01:12]} 13. Qd2
{[%clk 01:23:54] [%emt 00:05:00]} a6 {[%clk 01:39:58] [%emt 00:01:15]} 14. Bf5
{[%clk 01:22:28] [%emt 00:01:56]} g6 {[%clk 01:31:54] [%emt 00:08:33]} 15. Bh3
{[%clk 01:21:22] [%emt 00:01:37]} Nb6 {[%clk 01:26:28] [%emt 00:05:56]} 16. b3
{[%clk 01:20:41] [%emt 00:01:11]} Nh7 {[%clk 01:19:53] [%emt 00:07:03]} 17. Bxe7
{[%clk 01:17:42] [%emt 00:03:31]} Qxe7 {[%clk 01:20:18] [%emt 00:00:04]} 18. Nd1
{[%clk 01:16:33] [%emt 00:01:39]} Ng5 {[%clk 01:20:24] [%emt 00:00:24]} 19. Nf4
{[%clk 01:16:50] [%emt 00:00:13]} a5 {[%clk 01:20:40] [%emt 00:00:14]} 20. Re1
{[%clk 01:15:15] [%emt 00:02:04]} a4 {[%clk 01:13:35] [%emt 00:07:36]} 21. Nf2
{[%clk 01:12:17] [%emt 00:03:28]} axb3 {[%clk 01:13:51] [%emt 00:00:15]} 22.
axb3 {[%clk 01:12:40] [%emt 00:00:06]} Ra3 {[%clk 01:13:39] [%emt 00:00:41]} 23.
e4 {[%clk 01:07:55] [%emt 00:05:16]} Qf8 {[%clk 01:07:27] [%emt 00:06:42]} 24.
Ng4 {[%clk 00:55:36] [%emt 00:12:49]} Kg7 {[%clk 01:05:05] [%emt 00:02:52]} 25.
exd5 {[%clk 00:48:20] [%emt 00:07:47]} Nxd5 {[%clk 01:00:46] [%emt 00:04:48]}
26. Nxd5 {[%clk 00:42:51] [%emt 00:05:59]} cxd5 {[%clk 01:00:39] [%emt
00:00:36]} 27. Qf4 {[%clk 00:40:15] [%emt 00:03:06]} Bc8 {[%clk 00:54:11] [%emt
00:06:58]} 28. Nf6 {[%clk 00:29:02] [%emt 00:11:44]} Rxe1+ {[%clk 00:45:43]
[%emt 00:08:58]} 29. Rxe1 {[%clk 00:28:45] [%emt 00:00:46]} Bxh3 {[%clk
00:39:17] [%emt 00:06:57]} 30. Re8 {[%clk 00:24:00] [%emt 00:05:15]} Ra2 {[%clk
00:22:28] [%emt 00:17:18]} 31. Rxf8 {[%clk 00:22:31] [%emt 00:02:00]} Rxg2+
{[%clk 00:22:55] [%emt 00:00:03]} 32. Kh1 {[%clk 00:22:51] [%emt 00:00:09]} Kxf8
{[%clk 00:23:22] [%emt 00:00:03]} 33. Qd6+ {[%clk 00:12:56] [%emt 00:10:26]} Kg7
{[%clk 00:23:51] [%emt 00:00:01]} 34. Ne8+ {[%clk 00:10:27] [%emt 00:03:00]} Kg8
{[%clk 00:24:19] [%emt 00:00:01]} 35. Nf6+ {[%clk 00:09:17] [%emt 00:01:40]} Kg7
{[%clk 00:22:46] [%emt 00:02:02]} 36. Nd7 {[%clk 00:05:37] [%emt 00:04:11]} Nh7
{[%clk 00:23:06] [%emt 00:00:09]} 37. Qe5+ {[%clk 00:05:43] [%emt 00:00:24]} Kg8
{[%clk 00:23:31] [%emt 00:00:05]} 38. Qb8+ {[%clk 00:05:17] [%emt 00:00:56]} Kg7
{[%clk 00:23:56] [%emt 00:00:05]} 39. Qe5+ {[%clk 00:05:41] [%emt 00:00:05]} Kg8
{[%clk 00:24:16] [%emt 00:00:10]} 40. Qe8+ {[%clk 00:04:26] [%emt 00:01:45]} Kg7
{[%clk 00:24:32] [%emt 00:00:14]} 41. Qe5+ {[%clk 00:39:57] [%emt 00:15:00]}
1/2-1/2

[Site "Europe Echecs"]

[Event "Grand Swiss "]
[Date "2025.09.08"]
[White "Harikrishna, Pentala"]
[Black "Xiong, Jeffery"]
[WhiteElo "2704"]
[BlackElo "2640"]
[Round "4.4.22"]
[Result "1/2-1/2"]

1. e4 {[%clk 01:40:56] [%emt 00:00:04]} c5 {[%clk 01:40:46] [%emt 00:00:14]} 2.
Nf3 {[%clk 01:41:18] [%emt 00:00:08]} d6 {[%clk 01:40:58] [%emt 00:00:17]} 3.
Bb5+ {[%clk 01:41:18] [%emt 00:00:30]} Nd7 {[%clk 01:40:42] [%emt 00:00:46]} 4.
d4 {[%clk 01:39:21] [%emt 00:02:27]} cxd4 {[%clk 01:40:47] [%emt 00:00:25]} 5.
Qxd4 {[%clk 01:39:31] [%emt 00:00:21]} a6 {[%clk 01:40:41] [%emt 00:00:36]} 6.
Be2 {[%clk 01:37:48] [%emt 00:02:12]} Ngf6 {[%clk 01:40:23] [%emt 00:00:46]} 7.
O-O {[%clk 01:37:54] [%emt 00:00:25]} g6 {[%clk 01:38:59] [%emt 00:01:54]} 8. e5
{[%clk 01:34:09] [%emt 00:04:16]} dxe5 {[%clk 01:39:16] [%emt 00:00:13]} 9. Nxe5
{[%clk 01:34:27] [%emt 00:00:11]} Bg7 {[%clk 01:36:44] [%emt 00:03:02]} 10. Nxd7
{[%clk 01:30:17] [%emt 00:04:41]} Bxd7 {[%clk 01:36:01] [%emt 00:01:12]} 11. Bf3
{[%clk 01:24:02] [%emt 00:06:45]} O-O {[%clk 01:30:20] [%emt 00:06:11]} 12. Qh4
{[%clk 01:20:31] [%emt 00:04:02]} Rc8 {[%clk 01:26:22] [%emt 00:04:28]} 13. c3
{[%clk 01:17:41] [%emt 00:03:20]} Bc6 {[%clk 01:20:53] [%emt 00:05:58]} 14. Nd2
{[%clk 01:16:40] [%emt 00:01:31]} Bd5 {[%clk 00:56:49] [%emt 00:24:35]} 15. Re1
{[%clk 01:11:56] [%emt 00:05:13]} e6 {[%clk 00:54:44] [%emt 00:02:36]} 16. Qh3
{[%clk 01:08:21] [%emt 00:04:04]} b5 {[%clk 00:50:09] [%emt 00:05:05]} 17. Be2
{[%clk 01:02:11] [%emt 00:06:40]} Qb6 {[%clk 00:45:49] [%emt 00:04:51]} 18. Nf3
{[%clk 00:59:08] [%emt 00:03:34]} b4 {[%clk 00:41:33] [%emt 00:04:46]} 19. Be3
{[%clk 00:54:20] [%emt 00:05:18]} Qa5 {[%clk 00:39:15] [%emt 00:02:48]} 20. Bd4
{[%clk 00:50:36] [%emt 00:04:14]} bxc3 {[%clk 00:39:34] [%emt 00:00:12]} 21.
bxc3 {[%clk 00:49:28] [%emt 00:01:38]} Nh5 {[%clk 00:35:26] [%emt 00:04:37]} 22.
Ne5 {[%clk 00:44:33] [%emt 00:05:26]} Nf4 {[%clk 00:19:16] [%emt 00:16:40]} 23.
Qg3 {[%clk 00:41:33] [%emt 00:03:29]} f6 {[%clk 00:19:19] [%emt 00:00:28]} 24.
Nd7 {[%clk 00:33:36] [%emt 00:08:27]} Nxe2+ {[%clk 00:19:45] [%emt 00:00:04]}
25. Rxe2 {[%clk 00:34:00] [%emt 00:00:06]} Qb5 {[%clk 00:20:09] [%emt 00:00:07]}
26. Nxf8 {[%clk 00:34:22] [%emt 00:00:07]} Qxe2 {[%clk 00:20:34] [%emt
00:00:04]} 27. Nd7 {[%clk 00:34:45] [%emt 00:00:07]} e5 {[%clk 00:20:12] [%emt
00:00:52]} 28. Nb6 {[%clk 00:33:51] [%emt 00:01:24]} Rd8 {[%clk 00:19:49] [%emt
00:00:54]} 29. Be3 {[%clk 00:27:12] [%emt 00:07:09]} Bxa2 {[%clk 00:17:43] [%emt
00:02:36]} 30. Qf3 {[%clk 00:26:29] [%emt 00:01:13]} Qb2 {[%clk 00:17:32] [%emt
00:00:42]} 31. Rf1 {[%clk 00:26:01] [%emt 00:00:58]} Qxc3 {[%clk 00:17:08] [%emt
00:00:54]} 32. Qe2 {[%clk 00:24:15] [%emt 00:02:15]} Be6 {[%clk 00:13:15] [%emt
00:04:24]} 33. Qxa6 {[%clk 00:23:54] [%emt 00:00:52]} Qb3 {[%clk 00:11:23] [%emt
00:02:22]} 34. h3 {[%clk 00:22:17] [%emt 00:02:07]} f5 {[%clk 00:09:37] [%emt
00:02:17]} 35. Qa7 {[%clk 00:21:07] [%emt 00:01:40]} f4 {[%clk 00:06:57] [%emt
00:03:10]} 36. Qe7 {[%clk 00:18:23] [%emt 00:03:13]} Rf8 {[%clk 00:03:45] [%emt
00:03:42]} 37. Bc5 {[%clk 00:18:24] [%emt 00:00:30]} h6 {[%clk 00:03:04] [%emt
00:01:12]} 38. Ra1 {[%clk 00:13:51] [%emt 00:05:02]} Rf7 {[%clk 00:03:23] [%emt
00:00:11]} 39. Qe8+ {[%clk 00:06:06] [%emt 00:08:16]} Kh7 {[%clk 00:03:51] [%emt
00:00:01]} 40. Kh2 {[%clk 00:05:43] [%emt 00:00:54]} Bf5 {[%clk 00:00:43] [%emt
00:03:38]} 41. Ra8 {[%clk 00:01:20] [%emt 00:04:53]} Rb7 {[%clk 00:46:26] [%emt
00:04:46]} 42. Qc6 {[%clk 00:29:12] [%emt 00:22:38]} Qf7 {[%clk 00:44:03] [%emt
00:02:53]} 43. Bf8 {[%clk 00:22:44] [%emt 00:06:59]} Qc7 {[%clk 00:23:27] [%emt
00:21:06]} 44. Qe8 {[%clk 00:13:59] [%emt 00:09:15]} Qf7 {[%clk 00:17:45] [%emt
00:06:12]} 45. Bxg7 {[%clk 00:11:23] [%emt 00:03:07]} Qxe8 {[%clk 00:17:53]
[%emt 00:00:22]} 1/2-1/2

[Site "Europe Echecs"]

[Event "Grand Swiss "]
[Date "2025.09.08"]
[White "Liang, Awonder"]
[Black "Aryan Chopra"]
[WhiteElo "2698"]
[BlackElo "2619"]
[Round "4.4.23"]
[Result "1-0"]

1. e4 {[%clk 01:40:59]} c5 {[%clk 01:40:56] [%emt 00:00:05]} 2. Nf3 {[%clk
01:41:23] [%emt 00:00:06]} d6 {[%clk 01:41:21] [%emt 00:00:05]} 3. d4 {[%clk
01:41:48] [%emt 00:00:05]} cxd4 {[%clk 01:41:47] [%emt 00:00:04]} 4. Qxd4 {[%clk
01:42:13] [%emt 00:00:05]} Nc6 {[%clk 01:42:12] [%emt 00:00:05]} 5. Bb5 {[%clk
01:42:37] [%emt 00:00:07]} Bd7 {[%clk 01:42:29] [%emt 00:00:12]} 6. Qd3 {[%clk
01:42:59] [%emt 00:00:07]} Nf6 {[%clk 01:41:42] [%emt 00:01:17]} 7. c4 {[%clk
01:41:34] [%emt 00:01:56]} a6 {[%clk 01:38:43] [%emt 00:03:29]} 8. Bxc6 {[%clk
01:41:49] [%emt 00:00:15]} Bxc6 {[%clk 01:39:08] [%emt 00:00:05]} 9. Nc3 {[%clk
01:42:05] [%emt 00:00:14]} e6 {[%clk 01:34:45] [%emt 00:04:52]} 10. O-O {[%clk
01:41:50] [%emt 00:00:46]} Be7 {[%clk 01:35:12] [%emt 00:00:03]} 11. Nd4 {[%clk
01:37:43] [%emt 00:04:37]} Qc7 {[%clk 01:23:50] [%emt 00:11:52]} 12. b3 {[%clk
01:32:03] [%emt 00:06:10]} O-O {[%clk 01:23:40] [%emt 00:00:40]} 13. Bb2 {[%clk
01:32:07] [%emt 00:00:25]} Rad8 {[%clk 01:12:49] [%emt 00:11:21]} 14. Rac1
{[%clk 01:30:50] [%emt 00:01:47]} Qa5 {[%clk 00:53:20] [%emt 00:19:59]} 15. Rfe1
{[%clk 01:30:33] [%emt 00:00:47]} Nd7 {[%clk 00:51:30] [%emt 00:02:19]} 16. Nxc6
{[%clk 01:18:44] [%emt 00:12:20]} bxc6 {[%clk 00:51:56] [%emt 00:00:04]} 17. Na4
{[%clk 01:17:52] [%emt 00:01:22]} Bf6 {[%clk 00:46:19] [%emt 00:06:07]} 18. Bxf6
{[%clk 01:16:21] [%emt 00:02:01]} Nxf6 {[%clk 00:46:02] [%emt 00:00:46]} 19. h3
{[%clk 01:13:22] [%emt 00:03:29]} e5 {[%clk 00:44:02] [%emt 00:02:30]} 20. Qc3
{[%clk 01:08:03] [%emt 00:05:49]} Qxc3 {[%clk 00:43:00] [%emt 00:01:33]} 21.
Rxc3 {[%clk 01:06:17] [%emt 00:02:16]} Rfe8 {[%clk 00:42:42] [%emt 00:00:47]}
22. Rd3 {[%clk 00:58:13] [%emt 00:08:34]} Kf8 {[%clk 00:42:24] [%emt 00:00:48]}
23. Red1 {[%clk 00:51:01] [%emt 00:07:42]} Ke7 {[%clk 00:42:47] [%emt 00:00:07]}
24. f3 {[%clk 00:51:10] [%emt 00:00:20]} c5 {[%clk 00:32:44] [%emt 00:10:33]}
25. Kf2 {[%clk 00:50:56] [%emt 00:00:44]} h5 {[%clk 00:32:25] [%emt 00:00:50]}
26. h4 {[%clk 00:50:35] [%emt 00:00:51]} Rh8 {[%clk 00:28:35] [%emt 00:04:20]}
27. R1d2 {[%clk 00:49:04] [%emt 00:02:01]} Rd7 {[%clk 00:24:13] [%emt 00:04:52]}
28. Nb6 {[%clk 00:47:49] [%emt 00:01:46]} Rdd8 {[%clk 00:24:40] [%emt 00:00:03]}
29. Ke1 {[%clk 00:47:20] [%emt 00:00:58]} a5 {[%clk 00:22:18] [%emt 00:02:52]}
30. Kd1 {[%clk 00:47:02] [%emt 00:00:49]} Ne8 {[%clk 00:11:40] [%emt 00:11:08]}
31. Nd5+ {[%clk 00:46:51] [%emt 00:00:40]} Kd7 {[%clk 00:11:48] [%emt 00:00:22]}
32. Kc1 {[%clk 00:45:45] [%emt 00:01:36]} Rb8 {[%clk 00:06:32] [%emt 00:05:46]}
33. Kb2 {[%clk 00:42:24] [%emt 00:03:51]} a4 {[%clk 00:05:57] [%emt 00:01:05]}
34. Kc3 {[%clk 00:41:03] [%emt 00:01:51]} axb3 {[%clk 00:06:14] [%emt 00:00:13]}
35. axb3 {[%clk 00:41:31] [%emt 00:00:01]} Rb7 {[%clk 00:04:30] [%emt 00:02:15]}
36. b4 {[%clk 00:41:00] [%emt 00:01:01]} cxb4+ {[%clk 00:04:50] [%emt 00:00:10]}
37. Nxb4 {[%clk 00:41:27] [%emt 00:00:03]} Ke6 {[%clk 00:02:46] [%emt 00:02:34]}
38. Rd5 {[%clk 00:34:33] [%emt 00:07:24]} Rc7 {[%clk 00:03:13] [%emt 00:00:04]}
39. Rb5 {[%clk 00:29:56] [%emt 00:05:06]} Nf6 {[%clk 00:01:05] [%emt 00:02:38]}
40. Rb6 {[%clk 00:30:06] [%emt 00:00:21]} Rd8 {[%clk 00:01:25] [%emt 00:00:10]}
41. Kb3 {[%clk 00:19:15] [%emt 00:11:20]} Rc5 {[%clk 00:20:17] [%emt 00:31:38]}
42. Na6 {[%clk 01:07:19] [%emt 00:02:26]} Ra5 {[%clk 00:20:43] [%emt 00:00:04]}
43. c5 {[%clk 00:39:44] [%emt 00:28:05]} Ne8 {[%clk 00:21:09] [%emt 00:00:04]}
44. Rd5 {[%clk 00:39:00] [%emt 00:01:14]} Ra1 {[%clk 00:14:09] [%emt 00:07:29]}
45. Kb2 {[%clk 00:38:17] [%emt 00:01:13]} Ra5 {[%clk 00:14:33] [%emt 00:00:06]}
46. Nb4 {[%clk 00:31:37] [%emt 00:07:10]} Ra4 {[%clk 00:12:53] [%emt 00:02:11]}
47. Nd3 {[%clk 00:28:54] [%emt 00:03:13]} Rd4 {[%clk 00:09:53] [%emt 00:03:30]}
48. Rxd4 {[%clk 00:27:52] [%emt 00:01:32]} exd4 {[%clk 00:10:18] [%emt
00:00:04]} 49. e5 {[%clk 00:28:17] [%emt 00:00:06]} Kd5 {[%clk 00:10:45] [%emt
00:00:03]} 50. exd6 {[%clk 00:25:34] [%emt 00:03:12]} Nf6 {[%clk 00:07:16] [%emt
00:03:59]} 51. Rb7 {[%clk 00:25:35] [%emt 00:00:29]} Kc4 {[%clk 00:02:20] [%emt
00:05:27]} 52. Kc2 {[%clk 00:21:28] [%emt 00:04:37]} Ra8 {[%clk 00:02:46] [%emt
00:00:04]} 53. d7 {[%clk 00:19:33] [%emt 00:02:25]} Kd5 {[%clk 00:02:57] [%emt
00:00:19]} 54. Rc7 {[%clk 00:19:53] [%emt 00:00:10]} 1-0

[Site "Europe Echecs"]

[Event "Grand Swiss "]
[Date "2025.09.08"]
[White "Chigaev, Maksim"]
[Black "Sevian, Samuel"]
[WhiteElo "2638"]
[BlackElo "2692"]
[Round "4.4.24"]
[Result "0-1"]

1. d4 {[%clk 01:40:47] [%emt 00:00:12]} Nf6 {[%clk 01:40:51] [%emt 00:00:10]} 2.
c4 {[%clk 01:41:09] [%emt 00:00:08]} e6 {[%clk 01:40:38] [%emt 00:00:43]} 3. Nc3
{[%clk 01:41:30] [%emt 00:00:08]} Bb4 {[%clk 01:41:01] [%emt 00:00:08]} 4. Nf3
{[%clk 01:41:53] [%emt 00:00:06]} d5 {[%clk 01:40:52] [%emt 00:00:39]} 5. cxd5
{[%clk 01:42:14] [%emt 00:00:09]} exd5 {[%clk 01:41:13] [%emt 00:00:10]} 6. Bf4
{[%clk 01:42:38] [%emt 00:00:05]} Ne4 {[%clk 01:39:00] [%emt 00:02:43]} 7. Rc1
{[%clk 01:42:57] [%emt 00:00:11]} Qe7 {[%clk 01:38:13] [%emt 00:01:18]} 8. Nd2
{[%clk 01:35:54] [%emt 00:07:32]} Nxc3 {[%clk 01:36:52] [%emt 00:01:52]} 9. bxc3
{[%clk 01:35:31] [%emt 00:00:52]} Ba3 {[%clk 01:37:06] [%emt 00:00:16]} 10. Rb1
{[%clk 01:34:25] [%emt 00:01:35]} O-O {[%clk 01:32:18] [%emt 00:05:19]} 11. e3
{[%clk 01:29:42] [%emt 00:05:11]} g5 {[%clk 01:30:55] [%emt 00:01:54]} 12. Bg3
{[%clk 01:26:14] [%emt 00:03:57]} f5 {[%clk 01:31:08] [%emt 00:00:18]} 13. Be5
{[%clk 01:05:00] [%emt 00:21:43]} Nc6 {[%clk 01:31:05] [%emt 00:00:34]} 14. f4
{[%clk 00:59:28] [%emt 00:06:01]} Nxe5 {[%clk 01:28:34] [%emt 00:03:02]} 15.
fxe5 {[%clk 00:57:24] [%emt 00:02:34]} f4 {[%clk 01:28:51] [%emt 00:00:13]} 16.
exf4 {[%clk 00:55:16] [%emt 00:02:37]} c5 {[%clk 00:50:44] [%emt 00:38:38]} 17.
g3 {[%clk 00:44:42] [%emt 00:11:03]} cxd4 {[%clk 00:42:21] [%emt 00:08:54]} 18.
cxd4 {[%clk 00:45:04] [%emt 00:00:07]} Bf5 {[%clk 00:42:27] [%emt 00:00:26]} 19.
Rb5 {[%clk 00:34:11] [%emt 00:11:23]} Rac8 {[%clk 00:42:06] [%emt 00:00:51]} 20.
Qb3 {[%clk 00:34:17] [%emt 00:00:24]} gxf4 {[%clk 00:23:12] [%emt 00:19:24]} 21.
Bg2 {[%clk 00:30:24] [%emt 00:04:22]} Rc1+ {[%clk 00:23:08] [%emt 00:00:34]} 22.
Ke2 {[%clk 00:30:44] [%emt 00:00:10]} Bg4+ {[%clk 00:21:08] [%emt 00:02:31]} 23.
Nf3 {[%clk 00:30:12] [%emt 00:01:01]} Qc7 {[%clk 00:20:56] [%emt 00:00:43]} 24.
Rxc1 {[%clk 00:18:13] [%emt 00:12:28]} Qxc1 {[%clk 00:21:14] [%emt 00:00:12]}
25. h3 {[%clk 00:04:26] [%emt 00:14:17]} Rc8 {[%clk 00:14:34] [%emt 00:07:10]}
26. Rc5 {[%clk 00:04:32] [%emt 00:00:23]} Bxc5 {[%clk 00:14:53] [%emt 00:00:12]}
27. hxg4 {[%clk 00:04:28] [%emt 00:00:34]} Bb4 {[%clk 00:14:52] [%emt 00:00:31]}
28. Qxb4 {[%clk 00:03:35] [%emt 00:01:23]} Qe3+ {[%clk 00:15:15] [%emt
00:00:07]} 29. Kf1 {[%clk 00:03:59] [%emt 00:00:05]} fxg3 {[%clk 00:15:42] [%emt
00:00:05]} 0-1

[Site "Europe Echecs"]